Traditions of Indian Classical Dance (Record no. 1115386)

MARC details
000 -LEADER
fixed length control field 00605nam a2200229Ia 4500
003 - CONTROL NUMBER IDENTIFIER
control field OSt
005 - DATE AND TIME OF LATEST TRANSACTION
control field 20221006163822.0
008 - FIXED-LENGTH DATA ELEMENTS--GENERAL INFORMATION
fixed length control field 221006b |||||||| |||| 00| 0 eng d
037 ## - SOURCE OF ACQUISITION
Terms of availability Textual
040 ## - CATALOGING SOURCE
Original cataloging agency FML
Transcribing agency FML
Language of cataloging eng
041 ## - LANGUAGE CODE
Source of code eng
Language code of text/sound track or separate title eng
100 ## - MAIN ENTRY--PERSONAL NAME
Personal name Khokar Mohan Au.
9 (RLIN) 576290
245 #0 - TITLE STATEMENT
Title Traditions of Indian Classical Dance
260 ## - PUBLICATION, DISTRIBUTION, ETC.
Place of publication, distribution, etc. New Delhi
Name of publisher, distributor, etc. Clarion Book
Date of publication, distribution, etc. 1984
300 ## - PHYSICAL DESCRIPTION
Extent Varios Page
Dimensions cm.
942 ## - ADDED ENTRY ELEMENTS (KOHA)
Classification part NS44, M4
Koha item type Textual
Source of classification or shelving scheme Colon Classification (CC)
Holdings
Withdrawn status Lost status Source of classification or shelving scheme Damaged status Not for loan Home library Current library Date acquired Total Checkouts Full call number Barcode Date last seen Price effective from Koha item type
    Colon Classification (CC)     Department of Music Library Department of Music Library 2022-10-06   NS44 M4 MU0007935 2022-10-06 2022-10-06 Textual
Copyright @ Delhi University Library System